000 00669nam a2200217Ia 4500
003 GCL
008 140319s9999 xx 000 0 ara d
040 _aGCL /
_cGCL
082 0 4 _a808.8012
_bل م
100 1 _aامين العيوطى
245 1 0 _aمعنى الواقعية المعاصرة /
_cامين العيوطى
700 1 _aلوكاتش، جورج
300 _a219 ص
490 _aدراسات فى الاداب الاجنبية
_v0
650 0 4 _aالواقعية
650 0 4 _aالمذاهب الادبية
650 0 4 _aالادب
650 0 4 _aالادب - تاريخ ونقد
650 0 4 _aالواقعية فى الادب
942 _2ddc
_cBK
999 _c51611
_d51611